书目信息 |
| 题名: |
僧詩與江湖
|
|
| 作者: | 张硕, 著 | |
| 分册: | ||
| 出版信息: | 成都 四川大學出版社 2020.06 |
|
| 页数: | 273页 | |
| 开本: | 24cm | |
| 丛书名: | 中國俗文化研究大系 | |
| 单 册: | ||
| 中图分类: | D949.92 , I207.227.44 | |
| 科图分类: | ||
| 主题词: | 僧侣--seng lu^--人物研究--中国--南宋 , 宋诗--song shi--诗歌研究 | |
| 电子资源: | ||
| ISBN: | 978-7-5690-3756-2 | |
| 000 | 01733nam 2200349 450 | |
| 001 | CAL 0120217114343 | |
| 005 | 20230217093111.0 | |
| 010 | @a978-7-5690-3756-2@dCNY68.00 | |
| 100 | @a20210311d2020 em y0chiy0120 ea | |
| 101 | 0 | @achi |
| 102 | @aCN@b510000 | |
| 105 | @ay a 000yc | |
| 106 | @ar | |
| 200 | 1 | @a僧詩與江湖@Aseng shi yu jiang hu@e南宋臨濟宗詩僧研究@f張碩著 |
| 210 | @a成都@c四川大學出版社@d2020.06 | |
| 215 | @a273页@d24cm | |
| 225 | 2 | @a中國俗文化研究大系@Azhong guo su wen hua yan jiu da xi@i宋代佛教文學研究叢書 |
| 300 | @a教育部人文社會科學重點研究基地重大項目『宋元佛教文學史 (詩歌卷) 』子課程成果 2020年河南省哲學社會科學規劃項目『南宋禪僧與士人群體文學交往研究』階段成果 | |
| 314 | @a张硕, 现为信阳师范学院文学院教师, 主要从事唐宋文学、佛教文学研究。 | |
| 320 | @a有书目 (第263-270页) | |
| 330 | @a禅宗在南宋进入临济宗独盛的时代, 南宋禅林基本上成了临济宗的天下。而临济宗之所以能够一枝独秀、雄踞禅林, 大慧宗杲实有力焉, 他革新禅法, 倡导“看话禅”, 推动了禅宗思想的发展。他因同情朝廷主战派士大夫而惨遭流放, 但不幸的遭遇却让他得到了士大夫的尊敬与肯定, 同时也增强了南宋朝野上下对临济宗的好感。可以说, 宗杲以其超凡的智慧和独特的人格魅力, 主导了临济宗在南宋的全面崛起。所以, 在宗杲之后, 他的法脉依然兴盛繁荣, 继续保持着巨大的影响力。 | |
| 410 | 0 | @12001 @a中國俗文化研究大系@i宋代佛教文學研究叢書 |
| 517 | 1 | @a南宋臨濟宗詩僧研究@Anan song lin ji zong shi seng yan jiu |
| 518 | 1 | @a僧诗与江湖 |
| 606 | 0 | @a僧侣@Aseng lu^@x人物研究@y中国@z南宋 |
| 606 | 0 | @a宋诗@Asong shi@x诗歌研究 |
| 690 | @aD949.92@v5 | |
| 690 | @aI207.227.44@v5 | |
| 701 | 0 | @a张硕,@Azhang shuo@f1985-@4著 |
| 730 | 1 | @a張碩@Azhang shuo@4著 |
| 801 | 0 | @aCN@bBJXHZP@c20230222 |
| 905 | @b1393640-3@dD949.92@e167@f4 | |
| 僧詩與江湖:南宋臨濟宗詩僧研究/張碩著.-成都:四川大學出版社,2020.06 |
| 273页;24cm.-(中國俗文化研究大系.宋代佛教文學研究叢書) |
| 教育部人文社會科學重點研究基地重大項目『宋元佛教文學史 (詩歌卷) 』子課程成果 2020年河南省哲學社會科學規劃項目『南宋禪僧與士人群體文學交往研究』階段成果 |
| ISBN 978-7-5690-3756-2:CNY68.00 |
| 禅宗在南宋进入临济宗独盛的时代, 南宋禅林基本上成了临济宗的天下。而临济宗之所以能够一枝独秀、雄踞禅林, 大慧宗杲实有力焉, 他革新禅法, 倡导“看话禅”, 推动了禅宗思想的发展。他因同情朝廷主战派士大夫而惨遭流放, 但不幸的遭遇却让他得到了士大夫的尊敬与肯定, 同时也增强了南宋朝野上下对临济宗的好感。可以说, 宗杲以其超凡的智慧和独特的人格魅力, 主导了临济宗在南宋的全面崛起。所以, 在宗杲之后, 他的法脉依然兴盛繁荣, 继续保持着巨大的影响力。 |
| ● |
| 相关链接 |
|
|
|
|
正题名:僧詩與江湖
索取号:D949.92/167
 
预约/预借
| 序号 | 登录号 | 条形码 | 馆藏地/架位号 | 状态 | 备注 |
| 1 | 1393640 | 213936400 | 第一样本阅览室/ [索取号:D949.92/167] | 在馆 | |
| 2 | 1393641 | 213936419 | 第一借阅区/ [索取号:D949.92/167] | 在馆 | |
| 3 | 1393642 | 213936428 | 第一借阅区/ [索取号:D949.92/167] | 在馆 | |
| 4 | 1393643 | 213936437 | 第一借阅区/ [索取号:D949.92/167] | 在馆 |